Auto-photo biografia (não autorizada) (Registo nº 202055)

Detalhes MARC
000 -Etiqueta do registo
Valores 00633nam 22001933 4500
010 ## - Número ISBN
ISBN 972-637-106-6
021 ## - Número do Depósito Legal
Código do país Portugal
Número 195375/03
100 ## - Dados gerais de processamento
Dados gerais 20260506d u||y0pory50 ba
200 ## - Titulo e menção de responsabilidade
Título próprio Auto-photo biografia (não autorizada)
Primeira menção de responsabilidade (António ) Mário Viegas
Outras menções de responsabilidade prefácio António d'Orey Capucho, Ana Clara Justino
210 ## - Publicação
Local de publicação Cascais
Nome do editor Câmara Municipal Cascais
Data de publicação 2003
215 ## - Descrição física 
Paginação / Volumes 249 p.
Outras indicações físicas il. ; brochado
Dimensões 42 cm
606 ## - Nome comum usado como assunto
ID Autoridade 1250
Palavra de ordem Biografias
675 ## - CDU
Notação 929
Edição PT
Língua por
700 ## - Autor principal (pessoa individual)
ID Autoridade 17249
Apelido Viegas
Nome António Mário Lopes Pereira
Datas 1948-1996
801 ## - Fonte de origem
País PT
Agência BMMN
Regras de catalogação RPC
830 ## - Notas gerais do catalogador
Criado por Vanda
990 ## - Elementos KOHA
Tipo de documento Livro
Exemplares
Situação do levantamento Biblioteca de origem Código de barras Cota Permissão de empréstimo Tipo de documento Forma de aquisição
  Biblioteca Municipal de Montemor-o-Novo 31470 929 VIE|DEP   Livro Compra

Powered by Koha